000 00758nam a2200253 i 4500
001 89053
003 ES-MaACL
005 20230906180044.0
007 t|
008 050126s2004 sp ||||1| spa d
020 _a84-96052-31-1
080 _a82-34.09
100 1 _aBalasch i Blanch, Enric.
_924828
245 1 3 _aEl lenguaje secreto de los cuentos /
_cEnrique Balasch Blanch.
260 _aMadrid :
_bOberon,
_c[2004]
300 _a370 p., [24] p. de lám. col. ;
_c24 cm.
490 1 _aSerie historia
504 _aBibliografía: p. 351-354.
650 1 4 _aCuento-
_xHistoria y crítica.
_911473
650 1 4 _aSimbolismo-
_xEn la literatura.
_9211177
830 0 _aSerie historia
_9176514
852 _aES-MaACL
_jL-28688
999 _c89053
_d89053